LEADER 01083nam a2200265 a 4500 001 000000122579 003 CaOOAMICUS 005 20100723110908.0 008 100723t2010 it u000 u ita r 020 $a978-88-311-7376-6 040 $aPUL$bita$dReb 082 04$a226.4 100 1 $aMilazzo, Calogero.$0(OLS)http://pul/name/76975 245 10$aIsraele, Maria, la Chiesa :$bcommento a Luca 1-2 /$cCalogero Milazzo. 260 $aRoma :$bCittà Nuova,$c©2010. 300 $a183 p. ;$c23 cm 504 $aBibliografia p. [177]-180. 630 04$aBiblia.$pN.T.$pLucas$xCommenti.$0(OLS)http://pul/subject/37891 850 $aPUL 852 $aPUL$W1$xSL Religione 3$y85$m226. 4 MILCA 1$j140782$qDDC 21$B139870$CPULBib$Z2$F139870 $H114173 $82 941 1 $a9 996 $6020$a978-88-311-7376-6$9(OLS)http://pul/number/144989 996 $6082$a226.4$9(OLS)http://pul/classification/548 996 $6245$aIsraele, Maria, la Chiesa :$bcommento a Luca 1-2$9(OLS)http://pul/title/154472 996 $6260$aRoma :$bCittà Nuova$9(OLS)http://pul/publisher/47927 LEADER 01064nam a2200265 a 4500 001 000000140427 003 CaOOAMICUS 005 20141110152715.0 008 141110s1992 it u000 u ita r 040 $aPUL$bita 100 1 $aIrti, Natalino.$0(OLS)http://pul/name/65081 245 12$aI cinquant'anni del codice civile /$cNatalino Irti. 260 $aMilano :$bAll'insegna del pesce d'oro,$c1992. 300 $a52 p.$c18 cm 490 1 $aCollana critica 504 $aBibliografia in nota. 610 14$aItalia.$tCodice civile.$0(OLS)http://pul/subject/33991 830 0$aCollana critica (All'insegna del pesce d'oro) ;$v19.$0(OLS)http://pul/title/10463 850 $aPUL 852 $aPUL$W1$xDP1 Fondo Capitani$y116$m1 A 85$j162246$qFondi$B161744$CPULBib$Z2$F161744 $HCap1262 $82 941 1 $a1 961 $aNota ms. di possesso : Capitani. 996 $6245$aI cinquant'anni del codice civile$9(OLS)http://pul/title/177746 996 $6260$aMilano :$bAll'insegna del pesce d'oro$9(OLS)http://pul/publisher/69566